00318nam a22001337a 4500003000400000020001800004082001800022100001800040245003600058250000600094260004100100300001000141650003300151OSt a9789351119418 a338.7bASH/BU aAshok purohit aBusiness economics in corporate a1 aNew DelhibRandom publicationsc2016 a310p. aConsumer behaviour in market